header

The most dangerous branch (Record no. 90069)

MARC details
000 -LEADER
fixed length control field 01488nam a2200349 a 4500
082 04 - DEWEY DECIMAL CLASSIFICATION NUMBER
Classification number 347.71/035
100 1# - MAIN ENTRY--AUTHOR NAME
Personal name Martin, Robert,
245 14 - TITLE STATEMENT
Title The most dangerous branch
260 ## - PUBLICATION, DISTRIBUTION, ETC. (IMPRINT)
Place of publication Montreal ;
-- Ithaca [N.Y.] :
Name of publisher McGill-Queen's University Press,
Year of publication c2003.
300 ## - PHYSICAL DESCRIPTION
Number of Pages xxii, 285 p.
650 #0 - SUBJECT ADDED ENTRY--TOPICAL TERM
Topical Term Constitutional courts
Topical Term Constitutional history
Topical Term Political questions and judicial power
Topical Term Judicial review
856 40 - ELECTRONIC LOCATION AND ACCESS
Uniform Resource Identifier http://site.ebrary.com/lib/rucke/Doc?id=10141908

No items available.

© 2026 Rongo University
Contact us: librarian | system librarian | Rongo university